| 000 | 00386nam a2200169Ia 4500 | ||
|---|---|---|---|
| 100 | _aElmasri/Ramez/ Navathe/S.B | ||
| 650 | _aComputers | ||
| 250 | _a4 | ||
| 942 | _cBK | ||
| 654 | _adatabase system | ||
| 245 | _aFundamentals of Database systems | ||
| 260 |
_bPearson Education _aMumbai _c2003 |
||
| 082 |
_a005.74/ELM _bELM |
||
| 300 | _a1010 | ||
| 546 | _aENGLISH | ||
| 999 |
_c21279 _d21279 |
||